| 000 | 01389nam a22002537a 4500 | ||
|---|---|---|---|
| 003 | OSt | ||
| 005 | 20210311111743.0 | ||
| 008 | 210311s2009 ck aodbgr|||| 00| 0 spa d | ||
| 020 | _a9789589343111 | ||
| 040 |
_aCO-JMCR _cCO-JMCR |
||
| 041 | 0 | _aspa | |
| 082 | 0 | 4 |
_a338.18861 / _bZ24a _223 |
| 100 | 1 |
_aZambrano Pantoja, Fabio, _eautor _97 |
|
| 245 | 1 | 3 |
_aLa agricultura en Colombia / _cinvestigación y textos, Fabio Zambrano Pantoja |
| 260 |
_aBogotá : _bSociedad de Agricultores de Colombia, _c2009 |
||
| 300 |
_a[238] páginas : _bilustraciones, fotografías, gráficas y mapas a color ; _c29 cm. |
||
| 504 | _aBibliografía: páginas [236-237] | ||
| 505 | 0 | _aNaturaleza privilegiada -- De la agricultura itinerante a la empresarización -- La Colombia rural del Siglo XXI -- Cultivos transitorios -- Algodón -- Algodón -- Arroz -- Cereales y leguminosas -- Papa -- Hortalizas -- Cultivos permanentes -- Banano de exportación -- Café -- Cacao -- Caña de azúcar -- Caña panelera -- Caucho -- Fique -- Flores -- Frutas -- Palme de aceite -- Sector pecuario -- Leche -- Porcicultura -- 138 años de la SAC -- Los retos del sector agropecuario | |
| 610 | 1 |
_aSociedad de Agricultores de Colombia _xhistoria _935940 |
|
| 650 | 1 | 4 |
_aAgricultura _zColombia _98037 |
| 650 | 2 | 4 |
_aCultivos _zColombia _935941 |
| 650 | 2 | 4 |
_aAgricultura _vfotografías _zColombia _935942 |
| 942 |
_2ddc _cBK |
||
| 999 |
_c15337 _d15337 |
||